| 000 | 01250naa a2200349 c 4500 | ||
|---|---|---|---|
| 001 | 32951 | ||
| 003 | ES-MaCES | ||
| 005 | 20020821131600.0 | ||
| 008 | 020814n2001 sp t i000 | spa d | ||
| 035 | _aCES20020004420v | ||
| 040 |
_aES-MaCES _bspa _cES-MaCES |
||
| 100 | 1 |
_aCazes, Sandrine _99363 |
|
| 245 | 1 | 1 |
_a¿Es excesiva la inestabilidad del trabajo en las economías en transición? _cSandrine Cazes, Alena Nesporava |
| 504 | _aBibliografía: p. 378-379 | ||
| 650 | 4 |
_acomparación _928892 |
|
| 650 | 4 |
_a1990-2000 _931184 |
|
| 650 | 4 |
_aEuropa Oriental _926939 |
|
| 650 | 4 |
_aeconomía de mercado _929377 |
|
| 650 | 4 |
_apaís en desarrollo _927092 |
|
| 650 | 4 |
_aantigüedad _929558 |
|
| 650 | 4 |
_aseguridad en el empleo _928301 |
|
| 650 | 4 |
_arotación en el trabajo _929214 |
|
| 650 | 4 |
_arenovación de la mano de obra _928355 |
|
| 650 | 4 |
_aanálisis del mercado de mano de obra _930745 |
|
| 650 | 4 |
_amercado de trabajo _928292 |
|
| 653 | 1 | 0 | _aEmpleo |
| 700 | 1 |
_aNesporova, Alena _919574 |
|
| 773 | 0 |
_tRevista internacional del trabajo _gvol. 120, n. 3 (2001){10380 R. 047714}; p. 341-379 _w(ES-MaCES)25390 _954692 |
|
| 902 | _aART Artículo de revista | ||
| 942 |
_2CES _cAR _h2.1. |
||
| 999 |
_c32951 _d32951 |
||